Gaming Quiz

Random Gaming or Pokémon Quiz

Legendary Fire type Pokemon Quiz Stats

 Plays Quiz not verified by Sporcle

Score 0/5 Timer 02:00
0 Plays Today
Hint Pokemon % Correct
Kanto LegendaryMoltres
98.4%
Johto LegendaryEntei
93%
Another Johto LegendaryHo-oh
89.8%
Lgendary Pokemon that can be any type Arceus
80.4%
Sinnoh LegendaryHeatran
77.7%

You're not logged in!

Compare scores with friends on all Sporcle quizzes.
OR
Log In

You Might Also Like...

Show Comments

Extras

Created Jul 22, 2010ReportNominate
Tags:Pokémon Quiz, fire, legendary

Top Quizzes Today


Score Distribution

Your Account Isn't Verified!

In order to create a playlist on Sporcle, you need to verify the email address you used during registration. Go to your Sporcle Settings to finish the process.

Report this User

Report this user for behavior that violates our Community Guidelines.

Details: